[Event "Pulvermuehle 2nd"]
[Site "Pulvermuehle"]
[Date "2004.02.22"]
[Round "5"]
[White "Prusikin, Michael"]
[Black "Skripchenko, Almira"]
[Result "1-0"]
[WhiteElo "2519"]
[BlackElo "2456"]
[Annotator "Ribli,Z"]
[PlyCount "115"]
[EventDate "2004.02.19"]
[EventType "tourn"]
[EventRounds "11"]
[EventCountry "GER"]
[EventCategory "11"]
[SourceTitle "CBM 100"]
[Source "ChessBase"]
[SourceDate "2004.06.01"]
[SourceVersion "1"]
[SourceVersionDate "2004.06.01"]
[SourceQuality "1"]

1. d4 d5 2. Nf3 e6 3. g3 Nf6 4. c4 dxc4 5. Bg2 Nc6 6. Qa4 Bb4+ {Das ist die
normale Fortsetzung, aber 6...Nd7 7.Qxc4 Nb6 8.Qd3 e5 ist auch gut spielbar.}
7. Bd2 Nd5 8. Qb5 {Das wird selten gespielt - die Hauptvariante ist 8.Bxb4
Ndxb4 9.a3 mit kompliziertem Spiel nach 9...b5, oder 9.0-0 Rb8 10.Nc3 mit
ungefähr gleichen Chancen.} Bxd2+ (8... O-O) (8... Be7) 9. Nbxd2 O-O {Das ist
eine genügsame Fortsetzung. Statt dessen hat Schwarz die Möglichkeit mit 9...
c3 den Mehrbauern zu halten, aber in diesem Fall hat Weiß Kompensation für den
Bauern.} (9... c3 10. bxc3 Nxc3 11. Qd3 Nd5 12. O-O O-O 13. Rfc1 (13. Rfe1 Qe7
14. e4 Nf6 15. Rac1 Rd8 16. Qe3 h6 17. Nb3 Bd7 18. Rc3 a5 19. Nc5 b6 20. Nxd7
Qxd7 21. Rd1 Ne7 {1/2-1/2 Tkachiev,V-Palac,M/Pula 2000/EXT 2001 (21)}) (13. e4
Nf6 14. Rfd1 Qe7 15. Rac1 Rd8 16. Nf1 Bd7 17. Ne3 Be8 18. a3 h6 19. d5 Rac8 {
1/2-1/2 Iljushin,A-Aleksandrov,A/Smolensk 2000/CBM 77(28)}) 13... h6 (13...
Nce7 14. Rab1 h6 15. Qc4 c6 16. Ne5 f6 17. Nd3 b6 18. Nf3 g5 19. h4 Kg7 20.
hxg5 hxg5 21. e4 $44 {1-0 Davies,N-Nickoloff,B/Toronto 1998/CBM 65 ext (30)})
14. Rab1 Nb6 15. e4 Qe7 16. Nb3 Rd8 17. Qe3 a5 18. Nc5 a4 19. Bf1 Ra5 20. Qc3
Ra8 21. Rd1 a3 22. Bb5 {1-0 Tkachiev,V-Inkiov,V/Aubervilliers FRA 2003/(34)}) (
9... Nb6 10. Nxc4 Qd5 11. Qxd5 exd5 12. Ncd2 $14) 10. Qxc4 Nb6 11. Qc3 (11. Qd3
Qe7 12. O-O e5 $11 (12... Rd8 $5 $11)) (11. Qc5) 11... Nd5 12. Qb3 (12. Qd3 $2
Ndb4 13. Qc3 Nxd4 $1 $17) 12... Nb6 13. Qc3 (13. e3 $5 Qe7 14. O-O e5 (14...
Rd8 15. Rac1 $14) 15. d5 (15. dxe5 Nxe5 16. Nxe5 Qxe5 17. Nf3 Qh5 18. Nd4 c6
$11) 15... Nb4 16. e4 $14) 13... Nd5 14. Qc5 {Weiß ist nicht zufrieden mit der
schnellen Zugwiederholung.} Qd6 15. Rc1 (15. Qxd6 cxd6 $11) 15... Rd8 (15...
Qxc5 16. Rxc5 Bd7 17. O-O $14) 16. O-O Qxc5 17. Rxc5 $14 {Weiß hat Raumvorteil
und sein "katalanischer Läufer" auf g2 ist aktiver als der Kollege auf c8.
Andererseits gibt es keine Schwächen in der schwarzen Stellung.} Ndb4 18. a3
Na6 19. Rc4 e5 {[%cal Gd8d2]} 20. b4 $1 {[%cal Rb4b5,Rb5a6,Rb5c6]} (20. dxe5
Nxe5 21. Nxe5 (21. Rcc1 Nxf3+ 22. Nxf3 c6 $11) 21... Rxd2 {[%csl Gd2][%cal
Rd2b2,Rd2e2]} 22. b4 c6 $11) 20... Nxd4 (20... Be6 $6 21. Rcc1 $16 {[%cal
Gg2a8] Jetzt kommt im Falle von 21...Nxd4 22.Nxd4 und 23.Bxb7 gewinnt Material.
}) 21. Nxd4 Rxd4 (21... exd4 $2 22. b5 Nb8 23. Rxc7 $18) 22. Rxd4 exd4 23. Nb3
c6 (23... d3 24. Rd1 c6 25. Rxd3 $14) 24. Rd1 Be6 25. Na5 $1 {[%csl Ga5][%cal
Ga5b7,Ga5c6,Gg2a8] Der Springer steht ausgezeichnet auf a5 und mit der
Unterstützung des g2-Läufers paralysiert er den schwarzen Damenflügel.} Rb8 26.
Rxd4 {[%csl Ga5,Gd4,Gg2][%cal Gd4d8][%mdl 2048] Es gibt eine Mittelspiel/
Endspielstellung auf dem Brett. Alle weißen Figuren stehen sehr aktiv, während
Schwarz Schwerigkeiten mit seiner Figurenkoordination hat, besonders sein a6N
steht unglücklich. Ich möchte auch bemerken, dass Weiß seine Mehrheit am
Königsflügel mobilisieren kann, während die schwarze Bauernmehrheit kaum zu
verwerten ist.} Kf8 (26... c5 27. bxc5 Nxc5 28. Nxb7 $16) 27. Rd3 {Mit diesem
prophylaktischen Zug verteidigt sich Weiß gegen 27...c5.} (27. f4 $6 c5 $132)
27... Nc7 {Jetzt wäre 27...g5 ganz schlecht wegen 28.Bxb7.} 28. f4 g6 29. Kf2 {
Weiß bringt seinen König ins Spiel. Es wäre möglich 29.e4 zu spielen, aber
Weiß möchte die Diagonale des g2-Läufers offen lassen.} (29. e4 $14) 29... f5
30. h3 {[%cal Gg2f3,Gg3g4] Weiß bereitet Bf3 und g3-g4 vor.} (30. e4 $6 fxe4
31. Bxe4 Nd5 $11) 30... a6 31. Rd6 Kf7 (31... Ke7 $2 32. Rxc6 bxc6 33. Nxc6+
$18 {[%cal Rc6b8,Rc6e7]}) 32. Bf3 Nb5 33. Rd3 Nc7 34. g4 Nd5 (34... Bd5 35. e4
fxe4 36. Bxe4 $14 {Im Falle von 36...Bxe4? kann Weiß 37.Rd7+ spielen mit sehr
aktiver Stellung.}) 35. Kg3 Ke7 36. g5 $1 {[%cal Gh3h4,Gh4h5] Weiß gewinnt
Raum am Königsfügel und im folgenden kann er h4 und h5 spielen.} Bf7 37. h4 Kf8
38. Rd4 (38. Rd1) 38... Kg7 39. Rd1 Kf8 40. Rc1 Ne7 (40... Ke7 $2 41. Rxc6 $18)
41. h5 $1 gxh5 42. e4 (42. Rh1 $14) 42... fxe4 $6 (42... Kg7 $142) 43. Bxe4 Bg6
$6 (43... Nd5 $142 44. Bxh7 $14) 44. f5 $1 {Wegen des Motivs auf der f-Linie
kann Schwarz nicht den f5-Bauern nehmen.} Bf7 (44... Bxf5 $4 45. Rf1 $18 {
[%csl Rf8][%cal Rf1f8]}) 45. Rd1 Bd5 (45... Nd5) 46. Bxd5 cxd5 (46... Nxd5 47.
Kh4 Ne3 48. Rd7 Nxf5+ 49. Kxh5 $16) 47. f6 {[%csl Gf6,Gg5][%mdl 4096] Die
weißen verbundenen Bauern sind sehr stark.} Ng6 48. Rxd5 $16 {Weiß hat im
Endspiel ein fühlbares positionelles Übergewicht - seine Figuren stehen sehr
aktiv.} b6 49. Nc6 Re8 50. Rd7 Re6 51. Nd4 Re5 52. Nf3 h4+ 53. Kg4 (53. Nxh4 $4
Rxg5+ $19) 53... Re4+ 54. Kh5 Kg8 (54... Nf4+ 55. Kxh4 $18 (55. Kh6 $16)) 55.
Rg7+ Kh8 56. Kh6 $18 {[%csl Rh8][%cal Rg7h7,Rh7h8]} Nf8 57. g6 {[%csl Rh8]
[%cal Rf3g5,Rf6f7]} Nxg6 58. f7 1-0

[Event "EU-Cup 18th"]
[Site "Kallithea"]
[Date "2002.09.27"]
[Round "6.1"]
[White "Van Wely, Loek"]
[Black "Aleksandrov, Aleksej"]
[Result "1-0"]
[WhiteElo "2645"]
[BlackElo "2654"]
[Annotator "Ribli,Z"]
[PlyCount "93"]
[EventDate "2002.09.22"]
[EventType "team-swiss"]
[EventRounds "7"]
[EventCountry "GRE"]
[SourceTitle "CBM 092"]
[Source "ChessBase"]
[SourceDate "2003.02.06"]
[SourceVersion "1"]
[SourceVersionDate "2003.02.06"]
[SourceQuality "1"]
[WhiteTeam "Clichy Echecs 92"]
[BlackTeam "Skopje Alkaloid"]
[WhiteTeamCountry "FRA"]
[BlackTeamCountry "MKD"]

1. d4 Nf6 2. c4 e6 3. Nf3 d5 4. g3 dxc4 5. Bg2 Nc6 6. Qa4 Bb4+ {Grossmeister
Aleksandrov spielt diese Variante gerne mit Schwarz und was ebenfalls
interessant ist, van Wely spielt diese Variante mit beiden Farben.} 7. Bd2 Nd5
8. Bxb4 Ndxb4 9. a3 b5 10. Qxb5 Nc2+ 11. Kd2 {Dieser Koenigszug ist viel
populärer als die Alternative 11.Kf1. Zwar steht der Koenig exponiert auf d2,
aber der h1R kann so schneller ins Spiel kommen.} Nxa1 (11... Bd7) 12. Qxc6+
Bd7 13. Qxc4 c5 {Schwarz muss die Stellung oeffnen, sonst gewinnt Weiss leicht
den a1-Springer.} 14. Qa2 Qa5+ 15. Nc3 cxd4 (15... Bc6 16. b4 cxb4 17. axb4
Qxa2+ 18. Nxa2 Nb3+ 19. Kc3 Bd5 20. e4 Rc8+ 21. Kb2 Bxe4 22. Kxb3 Bd5+ 23. Kb2
Bxa2 24. Kxa2 Rc2+ 25. Kb3 Rxf2 {1/2-1/2 Timoshenko,G-Ziatdinov,R/Philadelphia
1999/EXT 2000 (36)}) 16. Nxd4 Rd8 17. Rxa1 {Diese Stellung ist gut bekannt in
Grossmeisterpraxis. Weiss hat zwei Springer und einen Bauern gegen den Turm,
aber der Koenig ist angreifbar auf d2.} Qb6 $146 {[%mdl 4] Schwarz weicht von
den bekannten Varianten ab. Ich bin sicher, dass dieser Demenzug eine
häusliche Vorbereitung des schwarze Spielers war. Aber nach meiner
persoenlichen Meinung ist diese Fortsetzung kaum besser, als der frueher
gespielte Hauptzug 17...e5.} (17... e5 18. b4 Qb6 19. Nc2 Qxf2 (19... Be6+ 20.
Bd5 Qxf2 21. Rd1 (21. Ne3) 21... O-O (21... Bxd5 22. Nxd5 O-O 23. Kc1) 22. Kc1
Bxd5 (22... Qxh2 23. Bxe6 Rxd1+ 24. Nxd1 Qh6+ 25. Nde3 Qxe6 (25... fxe6 26. Qc4
$16) 26. Nd5 $13) 23. Nxd5 Kh8 (23... Qxe2 24. Ne7+ Kh8 25. Rxd8 Rxd8 26. Qxf7
Qd1+ 27. Kb2 Qd7 28. h4 $16 {[%cal Gh4h5,Gh5h6]}) (23... Qxh2 24. Ne7+ Kh8 25.
Rxd8 Rxd8 26. Qxf7 Qxg3 27. Nc6 $16) 24. Qc4 Qxh2 25. g4 Qg2 (25... Qh6+ 26.
Kb2 Qe6 27. Nce3 Rd7 28. b5 $16 {[%cal Ga3a4]}) 26. Nde3 {1/2-1/2 Georgiev,
K-Timoshenko,G/Panormo 2001/CBM 84 ext (64)} (26. b5 $5 Rc8 27. Nc7 $14)) 20.
Ne3 (20. Bd5 O-O 21. Qc4 Be6 22. Ne3 {Auf diese Weise wir erreichen die
Variante 19...Be6+ 20.Bd5 Qxf2 21.Ne3 - mit Zugumstellung.} Qxh2 23. Qh4 Qxh4
24. gxh4 f5 25. Kc2 (25. Ke1 $142 $5) 25... Kf7 26. Rd1 f4 27. Nc4 {1/2-1/2
Kasparov,G-Adams,M/Wijk aan Zee 2001/CBM 81 (27)}) 20... Be6+ 21. Bd5 (21. Ncd5
O-O 22. Qc4 Bxd5 23. Bxd5 Qxh2 24. Qh4 (24. Qg4 $5) 24... Qf2 25. Rh1 h6 26.
Rh2 Qg1 27. Rh1 {1/2-1/2 Bareev,E-Adams,M/Dortmund 2000/CBM 78/[Ftacnik] (27)})
21... O-O 22. Qc4 Rd7 (22... Qxh2) 23. Qe4 Rfd8 24. Qf3 $6 (24. Qxe5 $5) 24...
Qxf3 25. exf3 f5 $5 26. Ke2 (26. Rd1 f4 $4 27. Ke2 $18) 26... Bxd5 27. Ncxd5
Rxd5 28. Nxd5 Rxd5 29. Rc1 {1/2-1/2 San Segundo Carrillo,P-Aleksandrov,A/Ohrid
2001/CBM 84/[Ribli] (29)}) 18. e3 e5 {[%cal Gd8d2]} 19. Nd5 $1 {Dieser
Zwischenzug gibt Weiss Vorteil, weil im Folgenden Schwarz keine (gefaehrlichen)
Drohungen auf der d-Linie hat.} Qh6 {[%cal Gh6h2]} (19... Qd6 20. Ne2 $16 {
[%cal Ge2c3]}) 20. Qc4 $1 $16 {Ein sehr starker Zug, wonach Schwarz den
d4-Springer nicht nehmen kann.} O-O (20... exd4 21. Qc5 $18 {Droht 22.Qe7# und
nach 22...Qg5 kommt 23.Nc7+ und nach 22...Qe6 kommt ebenfalls 23.Nc7+: in
beiden Fällen mit Damengewinn.}) 21. Ne2 Be6 (21... Qxh2 $2 22. Rh1 $1 Qxg2 23.
Ne7+ Kh8 24. Rxh7+ Kxh7 25. Qh4# $18) (21... Bh3 22. Bxh3 Qxh3 23. Rd1 $16) 22.
h4 {Weiss hat Materialvorteil und das schwarze Gegenspiel ist unzureichend.}
Bxd5 23. Bxd5 Qb6 {[%csl Rd2][%cal Rb6b2,Rb2d2,Rd8d2] Schwarz hat eine
Doppeldrohung - der b2P haengt mit Schach und es droht 24...Rxd5+ 25.Qxd5 Rd8.
24...Qa5+ ist keine Drohung, weil Weiss 25.Nc3 ziehen kann.} 24. Ke1 $1 {
Weiss gibt einen Bauern zurueck und bringt seinen Koenig in Sicherheit.} Qxb2
25. Qc3 Qb5 (25... Qxc3+ 26. Nxc3 $16) 26. e4 Kh8 {[%cal Gf7f5] Der e5P zählt
nicht, Schwarz muss seine letzte Chance nutzen, indem er den Zug f7-f5
vorbereitet.} (26... Qb8 27. Kf1 $16 (27. f3 $16 {[%cal Ge1f2]})) 27. Qxe5 Rfe8
(27... f5 28. Nd4 Qa5+ 29. Kf1 $18 {[%cal Rd4e6,Re6d8,Re6f8,Re6g7]}) 28. Qd4 f5
29. f3 {Nach diesem einfachem Zug ist alles verteidigt in der weissen Stellung.
} fxe4 30. fxe4 Rc8 31. a4 {[%mdl 1024] Weiss hat Materialvorteil, Schwarz ist
ohne Kompensation.} (31. Qxa7 $18) 31... Qa5+ 32. Qd2 Qb6 {Nur mit Damen auf
dem Brett kann Schwarz auf etwas Gegenspiel hoffen.} 33. a5 Qf6 34. Rc1 Qf3 35.
Rxc8 Qh1+ (35... Rxc8 36. e5 $18) 36. Kf2 Rxc8 37. e5 $18 {[%csl Ge5] Der
e-Bauer entscheidet die Partie.} Rf8+ 38. Nf4 Qa1 39. e6 Rb8 40. Kf3 (40. Qe3
Qxa5 41. e7 $18) 40... g6 41. Nxg6+ $1 Kg7 (41... hxg6 42. Qh6+ $18) 42. Nf4
Kf6 43. Qd3 Qh1+ 44. Kg4 Rg8+ 45. Kh5 {Der weisse Koenig ist in voller
Sicherheit auf h5.} Qe1 46. Qd4+ Kf5 47. g4+ 1-0

[Event "EU-Cup 19th"]
[Site "Rethymno"]
[Date "2003.10.01"]
[Round "4.1"]
[White "Huzman, Alexander"]
[Black "Acs, Peter"]
[Result "1/2-1/2"]
[WhiteElo "2574"]
[BlackElo "2606"]
[Annotator "Ribli,Z"]
[PlyCount "100"]
[EventDate "2003.09.28"]
[EventType "team-swiss"]
[EventRounds "7"]
[EventCountry "GRE"]
[SourceTitle "CBM 098"]
[Source "ChessBase"]
[SourceDate "2004.02.03"]
[SourceVersion "1"]
[SourceVersionDate "2004.02.03"]
[SourceQuality "1"]
[WhiteTeam "Beer Sheva"]
[BlackTeam "Grodzisk"]
[WhiteTeamCountry "ISR"]
[BlackTeamCountry "POL"]

1. d4 Nf6 2. c4 e6 3. g3 d5 4. Bg2 dxc4 5. Nf3 a6 6. O-O Nc6 {Diese Variante
ist populär in letzter Zeit. Mit dem Textzug entwickelt Schwarz den
Damenflügel und später möchte er - nach der Vorbereitung - seinen c4-Bauern
mit b7-b5 verteidigen.} 7. e3 Bd7 8. Qe2 (8. Nc3 Nd5 9. Nd2 Nxc3 10. bxc3 b5
11. a4 Be7 $13) 8... b5 9. Rd1 {Weiß hat einen Bauern weniger, aber im
Folgenden möchte er mit Nc3 und e3-e4 eine starke Zentrumsstellung aufbauen.}
Bd6 {Mit dieser Fortsetzung bereitet Schwarz den Zug 10...e5 vor.} (9... Be7 {
Dieser - ein wenig genügsame - Läuferzug ist die andere Möglichkeit für
Schwarz.}) 10. e4 e5 11. dxe5 Bxe5 {Schwarz muss mit dem Läufer auf e5
zurücknehmen. Jetzt wäre 12.Nxe5 schlecht, weil nach 12...Nxe5 Schwarz Nd3
spielen kann.} (11... Nxe5 $4 12. Nxe5 Bxe5 13. f4 $18) 12. Nc3 (12. Nxe5 Nxe5
13. b3 $13) 12... O-O 13. Bg5 (13. Nd5 Bg4 $1 $13) 13... Bxc3 {Das ist die
alte Fortsetzung, aber die Alternative 13...h6 kommt auch stark in Betracht.} (
13... h6 14. Bxf6 Bxf6 15. e5 Be7 16. Nh4 (16. a4 Rb8 17. axb5 axb5 18. Bh3
Bxh3 19. Rxd8 Rfxd8 20. Qe4 Nb4 21. g4 Rb6 22. g5 Rg6 23. Qh4 Bc8 {0-1
Iljushin,A-Vitiugov,N/St Petersburg RUS 2003/(39)}) 16... Qe8 17. e6 fxe6 18.
Ng6 Rf7 (18... Qxg6 19. Rxd7 Bc5 20. Rf1 Nd4 21. Qe5 Rf5 22. Qe4 Raf8 23. Rxd4
Bxd4 24. Qxd4 {1-0 Tkachiev,V-Kosteniuk,A/Biel 2003/CBM 95 ext (37)}) 19. Nxe7+
(19. Rxd7 Qxd7 20. Rd1 Bd6 21. Qe4) 19... Qxe7 20. Rxd7 Qxd7 21. Rd1 Qe8 22.
Qe4 Rd7 23. Rxd7 Qxd7 24. Qxc6 Qxc6 25. Bxc6 Rd8 26. Bb7 b4 {0-1 Hulak,
K-Sveshnikov,E/Bled 1998/EXT 2000 (38)}) 14. bxc3 Qe8 {[%csl Ge8][%cal Ge8e2]
Mit dem Damezug vermeidet Schwarz zwei Fesselungen - auf der d-Linie und auf
der h4-d8 Diagonale. Und im Falle von 15.e5 (die Partiefortsetzung) droht 16.
exf6 wegen der Gegenfesselung auf der e-Linie noch nicht.} (14... Qe7 15. e5
Qe6 $2 (15... Bg4 16. Qe3 Bxf3 17. Bxf3 Nxe5 18. Bxa8 Rxa8 19. f4) 16. Qd2 Ne4
17. Qxd7 Nxc3 18. Bh3 Qg6 19. Re1 {1-0 Kaidanov,G-Vladimirov,E/Palma de
Mallorca 1989/TD (33)}) 15. e5 {[%mdl 4]} (15. Bxf6 gxf6 16. Nh4 Ne5 17. Qh5
Nd3 18. f4 Qe7 19. Rxd3 cxd3 20. Rd1 Rad8 21. Rxd3 Bc8 22. Re3 Qa3 23. Bf1 Rfe8
24. Be2 Rd2 {0-1 Titlianov,Y-Bashkov,V/Pavlodar 1991/EXT 97 (53)}) 15... Bg4
$13 (15... Ng4 16. h3 Ngxe5 17. Nxe5 Qxe5 18. Qe3 $44 {[%cal Rd1d7,Gg2a8]}) 16.
h3 Bxf3 17. Qxf3 Nxe5 18. Qf5 {[%csl Gg2,Gg5][%cal Gd1d8] Weiß hat zwei Bauern
weniger, aber seine Figuren stehen sehr aktiv, besonders sein Läuferpaar ist
stark.} (18. Qxa8 Qxa8 19. Bxa8 Rxa8 20. Bxf6 gxf6 21. a4 {In der Partie
bekommen wir eine ähnliche Stellung, aber dort steht der schwarze Bauern auf
e6 statt auf f7.}) 18... Qe6 (18... Rb8 19. Re1 (19. Bxf6 gxf6 20. f4 Ng6 (
20... Nd3 $4 21. Be4 $18) 21. Re1 Qc8 (21... Qd8 $2 22. Rad1 $36) 22. Qxf6 $36)
19... Nfd7 20. f4 (20. Bf4 f6 $17) 20... f6 21. Bh4 Qg6 22. Qe6+ Qf7 $17) (
18... Nfd7 $5 19. Bxa8 (19. f4 g6 (19... Nd3 20. Bxa8 Qe3+ 21. Kh2 Rxa8 22.
Qxd7 Qf2+ $11) 20. Qe4 Nd3 $15) 19... Qxa8 20. Rxd7 Nf3+ 21. Kf1 Nxg5 $13) 19.
Qxe6 fxe6 20. Bxa8 Rxa8 21. Bxf6 {Weiß muss den f6-Springer nehmen, sonst
spielt Schwarz Nd5 mit starker Figurenstellung im Zentrum.} gxf6 22. a4 $1 {
[%csl Ga1][%cal Ga1a8]} b4 $8 (22... c6 23. Rd6 Kf7 24. f4 $16) 23. cxb4 Nd3 {
[%csl Gd3]} 24. Rdc1 $6 {Weiß gibt seinen Materialvorteil so leicht zurück. Es
ist wahr, dass im Folgenden Weiß ein vorteilhaftes Turmendspiel bekommt, aber
trotzdem, glaube ich, wäre es besser den Qualitätsvorteil zu halten.} (24. Ra3
Nxb4 (24... Rb8 25. Rb1 Nxb4 26. Rc3 $16) 25. Rc3 Nd5 26. Rxc4 Rb8 27. Rdc1 $16
) 24... Nxc1 25. Rxc1 Rb8 26. Rxc4 $14 {[%csl Gc4][%mdl 4096] Nach
Vereinfachungen haben wir ein Endspiel, wo dank seinem aktiven Turm Weiß etwas
bessere Chancen hat. Aber in Turmendspielen gibt es immer eine hohe
Remiswahrscheinlichkeit.} Rb7 {Schwarz verteidigt den c7-Bauern, sonst kann er
nicht Kf7 ziehen, weil der c7P mit Schach hängt.} (26... Kf8 27. Rxc7 Rxb4 28.
Rxh7 Rxa4 29. Kg2 $14) 27. Kf1 Kf7 28. Ke2 {[%cal Ge2d3,Gd3c3] Der weiße König
zielt auf den Damenflügel, er möchte den b4-Bauern verteidigen und den Turm
auf c4 befreien.} Ke8 $5 {Schwarz findet einen interessanten Plan - er
bereitet 29...Rb6 vor und weil der Köenig auf e8 steht, hängt der c7P nicht
mit Schach.} (28... Ke7 29. Kd3 Kd6 30. Rd4+ Ke7 31. Rh4 $16) 29. Kd3 Rb6 $1 {
[%cal Gb6d6] Schwarz möchte seinen Turm auf der 6.Reihe aktivieren.} 30. Kc3
Kd7 31. Rh4 (31. Rd4+ Rd6) 31... Rc6+ 32. Kb3 Rc1 {Schwarz verliert den
h7-Bauern, aber im Gegensatz wird sein Turm aktiv.} 33. Rxh7+ Kd6 34. Rh4 (34.
Rf7 f5 35. Rf8 Rf1 36. Rd8+ $16) 34... e5 35. Rc4 Rb1+ 36. Ka2 Rh1 37. h4 Rh2
38. Rc2 c6 (38... f5) 39. Kb3 f5 {Schwarz mobilisiert seine Reserven am
Königsflügel. Es ist nicht leicht für Weiß (wenn es möglich ist) seinen
Vorteil zu verwerten.} 40. f4 $1 {[%cal Rc2h2] Dieser Zug führt zu
Vereinfachungen, aber das ist die einzige Möglichkeit für Weiß seine Stellung
zu verbessern.} Rh3 41. fxe5+ Kxe5 42. Rxc6 (42. Rc3 Kd4 $1 $14) 42... f4 43.
Rxa6 f3 $1 {[%csl Gf3]} 44. Ra8 f2 45. Rf8 Rxg3+ $11 {Die schwarze Aktivität
garantiert den halben Punkt.} 46. Kb2 (46. Kc4 Rg4+ 47. Kd3 (47. Kc3 Rf4 $19)
47... Rxb4 $11) 46... Rg4 47. Kc3 Rg3+ 48. Kc2 Rg4 49. Rxf2 Rxb4 50. a5 Ra4
1/2-1/2

[Event "Linares 21st"]
[Site "Linares"]
[Date "2004.03.02"]
[Round "11"]
[White "Radjabov, Teimour"]
[Black "Topalov, Veselin"]
[Result "1/2-1/2"]
[WhiteElo "2656"]
[BlackElo "2735"]
[Annotator "Ribli,Z"]
[PlyCount "46"]
[EventDate "2004.02.19"]
[EventType "tourn"]
[EventRounds "14"]
[EventCountry "ESP"]
[EventCategory "20"]
[SourceTitle "CBM 100"]
[Source "ChessBase"]
[SourceDate "2004.06.01"]
[SourceVersion "1"]
[SourceVersionDate "2004.06.01"]
[SourceQuality "1"]

1. d4 Nf6 2. c4 e6 3. Nf3 d5 4. g3 dxc4 5. Bg2 a6 6. O-O b5 {Dieser direkte
Zug ist ein seltener Gast in der Großmeisterpraxis. Gewöhnlich spielt Schwarz
6...Nc6.} 7. Ne5 Nd5 8. e4 (8. a4 Bb7 9. e4 Nf6 {Das ist nur Zugumstellung zur
Partiefortsetzung.}) 8... Nf6 9. a4 Bb7 10. axb5 axb5 11. Rxa8 Bxa8 12. Nc3 c6
13. Bf4 {[%mdl 4] Dieser Läuferzug wird relativ selten gespielt. Die
Alternativen - 13.Bg5 und besonders 13.d5!? - kommen auch in Betracht.} (13.
Bg5 Be7 14. Qa1 Bb7 15. Qa7 Qc8 16. d5 O-O 17. dxe6 fxe6 18. Bh3 $44) (13. d5
$5 Be7 (13... cxd5 14. Nxb5 Qa5 15. Nc3 Bb4 16. exd5 Bxc3 17. bxc3 Bxd5 18.
Bxd5 exd5 19. Nxc4 $1 Qxc3 20. Nd6+ $40) 14. dxe6 fxe6 15. Qe2 O-O 16. Bh3 $44)
13... Be7 14. Qa1 $44 {[%csl Ga1][%cal Ga1a7] Weiß hat einen Bauern weniger,
aber sein Bauernzentrum ist stark und Schwarz hat einige Entwicklungsprobleme.
Der Damezug ist ein typisches Motiv in dieser Variante - Weiß besetzt die
a-Linie und im Falle von Bb7 muss Schwarz immer mit Qa7 rechnen.} Nbd7 (14...
Bb7 $2 15. Qa7 Qc8 16. Nxc4 bxc4 17. Bxb8 $14) 15. d5 {[%mdl 512] Weiß opfert
einen weiteren Bauern. Dieser Zentrumsdurchbruch ist typisch in dieser
Variante - Weiß hat Entwicklungsvorteil und er öffnet die Stellung.} (15. Qa7
O-O 16. Ra1 $44) 15... Nxe5 (15... exd5 16. Nxc6 (16. Nxd7 Nxd7 17. exd5 cxd5
18. Nxd5 Bxd5 19. Bxd5 O-O 20. Rd1 $44) 16... Bxc6 17. exd5 Bb7 18. d6 Bxg2 19.
Kxg2 O-O 20. dxe7 Qxe7 21. Nxb5 $11) 16. Bxe5 cxd5 17. exd5 Bxd5 (17... Nxd5
18. Bxg7 Rg8 19. Bd4 $44) 18. Bxf6 (18. Nxd5 exd5 19. Bxf6 Bxf6 20. Re1+ Kf8
21. Bxd5 g6 $11) 18... Bxf6 19. Bxd5 exd5 20. Re1+ {[%csl Re8][%cal Re1e8]
Weiß hat schon zwei Bauern weniger, aber der gegnerische König steht schlecht
in der Mitte.} Kf8 21. Qa3+ (21. Nxd5 g6 (21... Qxd5 $4 22. Qa3+ $18) 22. Qa6
Kg7 (22... Qxd5 23. Qxf6 Rg8 24. Re7 Qd1+ (24... b4 $2 25. Rc7 $16) 25. Kg2
Qd5+ 26. Kg1 Qd1+ $11) 23. Qxb5 Qb8 24. Qxc4 Qxb2 $11) 21... Be7 (21... Kg8 $2
22. Nxd5 h6 23. Qc5 Kh7 24. Qxb5 $16) 22. Qa7 {[%csl Ga7,Gc3,Ge1] Alle weißen
Figuren stehen aktiv, was ausreichende Kompensation für das geopferte Material
bedeutet.} g6 {[%cal Ge7f6,Gf8g7] Schwarz muss die Entwicklung beenden.} (22...
d4 23. Nd5 Bd6 (23... Qxd5 $4 24. Qxe7+ $18) 24. Qxd4 $36) 23. Nxb5 $11 (23.
Nxd5 Qxd5 24. Qxe7+ (24. Rxe7 Kg7 25. Rd7 Qe6 26. Qd4+ Qf6 27. Qxf6+ Kxf6 28.
Rb7 $11) 24... Kg7 $17) 23... d4 {Schwarz gibt den Plusbauern zurück, wonach
die Stellung gleich wird.} (23... d4 24. Qxd4 (24. Nxd4 Bf6 $15) 24... Qxd4 25.
Nxd4 Bf6 26. Re4 Kg7 27. Nc6 Bxb2 28. Rxc4 $11) 1/2-1/2